El código de derecho canónico

Na minha lista:
Detalhes bibliográficos
Autor principal: Arteche B., Gonzalo (Author)
Formato: Livro
Idioma:espanhol
Publicado em: Santiago San Francisco 1944
Assuntos:
Tags: Adicionar Tag
Sem tags, seja o primeiro a adicionar uma tag!

MARC

LEADER 00000nam a2200000 a 4500
001 UCS9188
003 CL-VaPUC
008 971113e19440000CL |||||||||||||||||spa|d
082 0 4 |a 262.9  |b ART  |2 21 
100 0 |a Arteche B., Gonzalo  |e author  |9 394215 
245 1 3 |a El código de derecho canónico 
300 |a 3 v 
942 |c BK 
945 |d 19971113 00:00:00  |a cmena 
260 |a Santiago  |b San Francisco  |c 1944 
500 |a v.1: Breve introducción al estudio del derecho canónico. Libro I: normas generales. Libro II: de las personas 
500 |a v.2: Libro III: de las cosas 
500 |a v.3: Libro IV: de los procesos. Libro V: de los delitos y penas 
650 7 |a DERECHO CANONICO  |2 CL-VaPUC  |9 394216 
650 0 |a Derecho eclesiástico  |9 255055 
650 0 |a Derechos y priviliegios  |9 338404 
650 0 |a Obligaciones   |9 255578 
650 0 |a Derecho civil  |9 255013 
650 0 |a Iglesia y Estado  |9 254995 
650 7 |a IGLESIA LEGISLACION  |2 CL-VaPUC  |9 394217 
650 0 |a Cristianismo  |9 257361 
650 0 |a Delitos  |9 224143 
651 7 |a CHILE  |2 CL-VaPUC  |9 394218 
583 |a last modification  |c 19971113 00:00:00  |k Rodrigo Vera 
999 |c 263182  |d 263180 
952 |0 0  |1 0  |4 0  |6 262_900000000000000_ART_1944  |7 0  |8 DER_HDC  |9 292309  |a BIBDER  |b BIBDER  |d 2019-11-19  |h v.1  |i 1900498  |l 1  |o 262.9 ART 1944  |p 1900498  |r 2023-01-25  |s 2020-03-16  |w 2019-11-19  |x Ubicación 4to Piso  |y BK  |z Estos recursos deben solicitarse con anticipación  |k DER 
952 |0 0  |1 0  |4 0  |6 262_900000000000000_ART_1944  |7 0  |8 DER_HDC  |9 292310  |a BIBDER  |b BIBDER  |d 2019-11-19  |h v.2  |i 1900544  |l 1  |o 262.9 ART 1944  |p 1900544  |r 2023-01-25  |s 2020-03-16  |w 2019-11-19  |x Ubicación 4to Piso  |y BK  |z Estos recursos deben solicitarse con anticipación  |k DER 
952 |0 0  |1 0  |4 0  |6 262_900000000000000_ART_1944  |7 0  |8 DER_HDC  |9 292311  |a BIBDER  |b BIBDER  |d 2019-11-19  |h v.3  |i 1900625  |l 1  |o 262.9 ART 1944  |p 1900625  |r 2023-01-25  |s 2020-03-16  |w 2019-11-19  |x Ubicación 4to Piso  |y BK  |z Estos recursos deben solicitarse con anticipación  |k DER